| 000 | 00892nmm a2200265 a 4500 | ||
|---|---|---|---|
| 001 | ocm000700723 | ||
| 003 | TR-IsHL | ||
| 005 | 20201028130146.0 | ||
| 008 | 130927s2005 tu tur | ||
| 007 | cr cn | ||
| 035 |
_a700723 _b(N$T) |
||
| 050 | 0 | 4 |
_aBF575.A8 _bD63 2005 |
| 090 | 0 | 4 |
_aBF575.A8 _bD63 2005 |
| 245 | 1 | 0 |
_aDoğu ve Batı Mitolojisinden yılın her günü için aşk efsaneleri III: aşkoromans _h[electronic resource] / _chaz. Serkan Özburun |
| 250 | _a1. bs. | ||
| 260 |
_aİstanbul : _bBirey Yayıncılık, _c2005 |
||
| 300 | _a464 p. | ||
| 650 | 4 | _aDil ve Edebiyat | |
| 650 | 4 | _aLanguage and Literature | |
| 650 | 0 | _aEfsaneler, Aşk | |
| 650 | 0 | _aLegends, Love | |
| 650 | 7 |
_aSOCIAL SCIENCE / Folklore & Mythology _2bisacsh |
|
| 700 | 1 | _aÖzburun, Serkan | |
| 856 | 4 | 0 | _uhttp://search.ebscohost.com/login.aspx?direct=true&scope=site&db=e011xww&AN=700723 |
| 999 |
_c3872 _d3872 |
||